| 000 | 00821nas a2200265 4500 | ||
|---|---|---|---|
| 001 | BR2011002090 | ||
| 003 | BR-BrBNA | ||
| 005 | 20231205114551.0 | ||
| 007 | ta | ||
| 008 | 230509b bl.|||p| |||| 00| 00por d | ||
| 040 |
_aBR-BrBNA _bpor _cBiblioteca Nacional de Agricultura |
||
| 041 | _a(Pt) | ||
| 072 | _aM40 | ||
| 100 | 1 | _aSilva, A.M. da | |
| 100 | 1 | _aLudwig, T.A.V. | |
| 100 | 1 | _aTremarin, P.I. | |
| 100 | 1 | _aVercellino, I.S. | |
| 245 | 1 | _aDiatomáceas perifíticas em um sistema eutrófico brasileiro (Reservatório do Iraí, estado do Paraná) | |
| 650 | _aALGA | ||
| 650 | _aEUTROFICAÇÃO | ||
| 650 | _aPARANÁ | ||
| 773 | 0 |
_tActa Botanica Brasilica (Brazil) _xISSN 0102-3306 _g(Oct-Dec 2010), v. 24(4) p. 997-1016 _wBR2011002090 |
|
| 909 |
_a202311 _bLúcia _c55 _dLúcia Elande |
||
| 942 |
_2AGRIS _n0 _cANA |
||
| 999 |
_c209360 _d209360 |
||